Top 10 Chicago Cubs of All-Time - Statistics

General Stats
  • This quiz has been taken 3,693 times
  • The average score is 5 of 10
Answer Stats
WAR Years Position Answer % Correct
63.3 1953-1971 1B/SS Ernie Banks
89%
60.7 1992-2004 OF Sammy Sosa
84%
61.0 1982-1997 2B Ryne Sandberg
81%
71.9 1960-1973 3B Ron Santo
65%
53.6 1966-1973, 1982-1983 P Fergie Jenkins
55%
58.9 1959-1974 OF Billy Williams
48%
81.8 1876-1897 1B Cap Anson
36%
48.1 1898-1912 1B Frank Chance
32%
53.9 1922-1940 C Gabby Hartnett
22%
59.0 1932-1947 3B Stan Hack
13%
No matching quizzes found
Score Distribution
Percent of People with Each Score
Percentile by Number Answered
Your Score History
You have not taken this quiz